000 00665nam a2200205 4500
003 CO-ViMGA
020 _a9786124165436
040 _aCO-ViMGA
_bspa
_cCO-ViMGA
090 _aC ARA10
100 1 _aArámbulo López, Carlos,
_d1965-
_98720
245 1 0 _aUn lugar como este /
_cCarlos Arámbulo López.
260 _aLima :
_bEstruendomudo,
300 _a117 páginas ;
_b21 cm.
490 _aCuadernos esenciales
490 _aPlan Nacional de Lectura y Escritura Leer es mi Cuento / Ministerio de Cultura
650 1 4 _aAutores Peruanos
_98723
650 1 4 _aCuentos Peruanos
_y Siglo Xxi
_98721
650 1 4 _aLiteratura Peruana
_ySiglo Xxi
_98722
942 _2ddc
_cBK
999 _c7655
_d7655